Catálogo público

CIBIMEX : (Record no. 81895)

MARC details
000 -CABECERA
campo de control de longitud fija 02623nmm a22004217a 4500
003 - IDENTIFICADOR DEL NÚMERO DE CONTROL
campo de control CHAP
005 - FECHA Y HORA DE LA ÚLTIMA TRANSACCIÓN
campo de control 20240606092631.0
007 - CAMPO FIJO DE DESCRIPCIÓN FÍSICA--INFORMACIÓN GENERAL
campo de control de longitud fija co ag |||aaaaa
008 - DATOS DE LONGITUD FIJA--INFORMACIÓN GENERAL
campo de control de longitud fija 000731s1992 mx | e 10 spa d
010 ## - NÚMERO DE CONTROL DE LA BIBLIOTECA DEL CONGRESO
Número de control de LC 81895
011 ## - ENLACE DEL NUMERO DE CONTROL DE LA BIBLIOTECA DEL CONGRESO [OBSOLETO]
Número de control de LC 82867
020 ## - NÚMERO INTERNACIONAL ESTÁNDAR DEL LIBRO
Información calificativa 968-29-5699-4 (Segunda edición, 1993)
035 ## - NÚMERO DE CONTROL DEL SISTEMA
Número de control de sistema 93372
040 ## - FUENTE DE LA CATALOGACIÓN
Centro/agencia transcriptor CHAP
041 ## - CÓDIGO DE LENGUA
Código de lengua del texto/banda sonora o título independiente spa
090 ## - LOCALMENTE ASIGNADO TIPO-LC NÚMERO DE CLASIFICACIÓN (OCLC); NÚMERO DE CLASIFICACIÓN LOCAL (RLIN)
Número de clasificación (OCLC) (R) ; Numero de clasificación, CALL (RLIN) (NR) CD-14
110 1# - ENTRADA PRINCIPAL--NOMBRE DE ENTIDAD CORPORATIVA
Nombre de entidad corporativa o nombre de jurisdicción como elemento de entrada Consejo Nacional para la Cultura y las Artes. México
9 (RLIN) 27328
245 10 - MENCIÓN DE TÍTULO
Título CIBIMEX :
Medio [disco compacto]
Resto del título Centro de Información Bibliográfica Mexicana /
Mención de responsabilidad, etc. por Consejo Nacional par la Cultura y las Artes. Centro de Información Bibliográfica Mexicana
264 #1 - PRODUCCIÓN, PUBLICACIÓN, DISTRIBUCIÓN, FABRICACIÓN Y COPYRIGHT
Producción, publicación, distribución, fabricación y copyright México, D. F. :
Nombre del de productor, editor, distribuidor, fabricante Consejo Nacional para la Cultura y las Artes. Dirección General de Publicaciones,
Fecha de producción, publicación, distribución, fabricación o copyright 1992-
300 ## - DESCRIPCIÓN FÍSICA
Extensión 1 disco compacto (CD) :
Dimensiones 4 3/4 pulgadas (12cm.)
Material acompañante/anejo + 1 instructivo.
336 ## - TIPO DE CONTENIDO
Fuente rdacontent
Término de tipo de contenido conjunto de datos de la computadora
Código de tipo de contenido cod
337 ## - TIPO DE MEDIO
Fuente rdamedia
Nombre/término del tipo de medio ordenador
Código del tipo de medio c
338 ## - TIPO DE SOPORTE
Fuente rdacarrier
Nombre/término del tipo de soporte disco de computadora
Código del tipo de soporte cd
500 ## - NOTA GENERAL
Nota general La biblioteca tiene: 1970-92, 1970-93
516 ## - NOTA DE TIPO DE ARCHIVO DE ORDENADOR O DE DATOS
Nota de tipo de archivo de ordenador o de datos Datos bibliográficos.
520 ## - SUMARIO, ETC.
Sumario, etc. La segunda edición del disco compacto Cibimex contiene mas 162 000 títulos de la bibliografía nacional de 1970 a la fecha. Ademas incluye tres directorios que funcionan como guía para los usuarios del sistema de recuperación de Cibimex. Editores permite la consulta con cualquier editor sobre la existencia de los títulos obtenidos en el banco de datos del sistema. Librerías. Contiene direcciones y teléfonos de diferentes librerías, lo cual facilita al usuario la adquisición de algún libro. Bibliotecas. Incluye direcciones y teléfonos de las bibliotecas centrales de los títulos que ya no están en el mercado.
538 ## - NOTA DE DETALLES DEL SISTEMA
Nota de detalles del sistema Istalación del sistema : Para hacer uso de la Bibliografía mexicana en disco compacto Cibimex V.2.0, que consta de 162 000 registros, es necesario instalar en disco duro el software Cibimex, que nos permita el acceso a esta información para lo cual se requiere: 1. Coloque el disco compacto en el manejador. 2. Ubicarse en el drive del disco compacto (por ejemplo, teclear F: <enter>. 3. Teclear INSTALA <enter>.
546 ## - NOTA DE LENGUA/LENGUAJE
Nota de lengua/lenguaje Texto en español.
590 ## - NOTA LOCAL (RLIN)
Nota local BATCH-UPD
Procedencia (VM) [OBSOLETO] 10
Condición del los carretes individuales (VM) [OBSOLETO] 20130110
590 ## - NOTA LOCAL (RLIN)
Nota local BATCH-UPD
Procedencia (VM) [OBSOLETO] 10
Condición del los carretes individuales (VM) [OBSOLETO] 20130410
590 ## - NOTA LOCAL (RLIN)
Nota local BATCH-UPD
Procedencia (VM) [OBSOLETO] 10
Condición del los carretes individuales (VM) [OBSOLETO] 20130914
590 ## - NOTA LOCAL (RLIN)
Nota local CONVERSION
Procedencia (VM) [OBSOLETO] 10
Condición del los carretes individuales (VM) [OBSOLETO] 20130109
650 14 - PUNTO DE ACCESO ADICIONAL DE MATERIA--TÉRMINO DE MATERIA
Término de materia o nombre geográfico como elemento de entrada Bibliografía nacional
Subdivisión general México.
9 (RLIN) 12203
905 ## - ELEMENTOS DE DATOS E LOCAL, LDE (RLIN)
a Marco A. Mendoza T.
942 ## - ELEMENTOS DE PUNTO DE ACCESO ADICIONAL (KOHA)
Tipo de ítem Koha CD
Fuente del sistema de clasificación o colocación Clasificación Universidad Autónoma de Chapingo
949 ## - PROCESAMIENTO DE INFORMACIÓN LOCAL (OCLC)
a CD-14 (1970-92)
b BC
c CD
d 33724000784021
e CD
i 93372
s b
949 ## - PROCESAMIENTO DE INFORMACIÓN LOCAL (OCLC)
a CD-14 (1970-93)
b BC
c CD
d 33724000784773
e CD
i 93372
s b
Holdings
Estado de retiro Estado de pérdida Fuente del sistema de clasificación o colocación Estado dañado Restricciones de uso No para préstamo Código de colección Localización permanente Ubicación/localización actual Ubicación en estantería Fecha de adquisición Total de préstamos Signatura topográfica completa Código de barras Fecha visto por última vez Precio válido a partir de Tipo de ítem Koha
    Clasificación Universidad Autónoma de Chapingo   Préstamo interno   Material multimedia Biblioteca Central Biblioteca Central Planta Principal - Área de préstamo - Mat. Multimedia 17/12/2012   CD-14 (1970-92) 33724000784021 31/12/2019 31/12/2019 CD
    Clasificación Universidad Autónoma de Chapingo   Préstamo interno   Material multimedia Biblioteca Central Biblioteca Central Planta Principal - Área de préstamo - Mat. Multimedia 17/12/2012   CD-14 (1970-93) 33724000784773 31/12/2019 31/12/2019 CD